2025-2026 San Francisco 49ers Roster - Statistics

General Stats
  • This quiz has been taken 19 times
  • The average score is 15 of 51
Answer Stats
Position Name % Correct
Quarterback Brock Purdy
100%
Quarterback Mac Jones
94%
Running Back Christian McCaffrey
88%
Tight End George Kittle
75%
Wide Receiver Brandon Aiyuk
69%
Defensive Lineman Mykel Williams
63%
Wide Receiver Ricky Pearsall
63%
Linebacker Fred Warner
56%
Defensive Lineman Nick Bosa
56%
Offensive Lineman Trent Williams
56%
Wide Receiver Demarcus Robinson
50%
Tight End Jake Tonges
50%
Cornerback Jakob Robinson
50%
Wide Receiver Jauan Jennings
50%
Cornerback Deommodore Lenoir
44%
Offensive Lineman Dominick Puni
38%
Linebacker Dee Winters
31%
Placekicker Eddy Piñeiro
31%
Running Back Isaac Guerendo
31%
Offensive Lineman Colton McKivitz
25%
Long Snapper Jon Weeks
25%
Safety Malik Mustapha
25%
Linebacker Nickolas Martin
25%
Cornerback Upton Stout
25%
Tight End Brayden Willis
19%
Offensive Lineman Jake Brendel
19%
Safety Ji’Ayir Brown
19%
Quarterback Kurtis Rourke
19%
Linebacker Tatum Bethune
19%
Defensive Lineman Alfred Collins
13%
Defensive Lineman C.J. West
13%
Wide Receiver Jacob Cowing
13%
Wide Receiver Jordan Watkins
13%
Defensive Lineman Keion White
13%
Safety Marques Sigle
13%
Cornerback Renardo Green
13%
Defensive Lineman Tarron Jackson
13%
Defensive Lineman Bryce Huff
6%
Offensive Lineman Connor Colby
6%
Cornerback Darrell Luter Jr.
6%
Running Back Jordan James
6%
Tight End Luke Farrell
6%
Defensive Lineman Robert Beal Jr.
6%
Defensive Lineman Sam Okuayinonu
6%
Cornerback Siran Neal
6%
Punter Thomas Morstead
6%
Offensive Lineman Austen Pleasants
0%
Cornerback Chase Lucas
0%
Fullback Kyle Juszczyyk
0%
Offensive Lineman Nick Zakelj
0%
Cornerback Tre’Vius Hodges-Tomlinson
0%
No matching quizzes found
Score Distribution
Percent of People with Each Score
Percentile by Number Answered
Your Score History
You have not taken this quiz